1987 1632 1318 1201 1076 1757 1820 1271 1199 1516 1607 1183 1190 1407 1530 1332 1754 1077 1517 1549 1086 1047 1459 1885 1961 1855 1501 1282 1086 1510 1965 1132 1806 1792 1487 1918 1645 1480 1283 1762 1765 1811 1656 1956 1782 1357 1307 1464 1698 1437 1596 1759 1319 1344 1603 1846 1723 1632 1749 1120 1052 1275 1967 1473 1996 1850 1264 1832 1847 1185 1282 1817 1687 1384 1035 1965 1982 1447 1981 1612 1831 1567 1069 1679 1576 1367 1895 1864 1632 1016 1752 1755 1221 1681 1122 1178 1754 1047 1145 BCNSPRNW ULIB Ver.6.0+V

เปลี่ยนเป็นภาษาไทย

Change to English
 แสดงรายละเอียดบรรณานุกรม
  กลับหน้าหลัก

Brief Record : Get Marc (ISO 2709) : E-mail record : QR code < ปิดหน้าต่าง
LEADER : 00000nam 2200000uu 4500
001    13399120757
003     ULIB
008    121015s2552||||th 000 0 tha d
020    ^a9786115020102
090    ^aนว.^bก385พ
100 0  ^aกัณธิชา
245 00 ^aพิศวาสเกมร้าย/^cกัณธิชา
250    ^aพิมพ์ครั้งที่ 2
260    ^aกรุงเทพฯ :^bเยสโล่การพิมพ์,^c2552
300    ^a408หน้า
710 1  ^aเยสโล่การพิมพ์
945    ^p250^l0^i026774
995    ^aวิภา
999 ^a ใช้งานได้ทุกระบบ
รายการนี้ยังไม่มีแท็ก
คุณยังไม่ได้ล็อกอิน คุณสามารถมีกิจกรรมร่วมกับเว็บไซต์ได้ แต่ต้องล็อกอินก่อน ::
  ล็อกอิน

รายการสื่อสารสนเทศ

ลำดับที่ ประเภท เลขเรียก/บาร์โค้ด สถานที่ สถานะ
1. วิทยาศาสตร์การแพทย์ และสุขภาพ
วิทยาศาสตร์การแพทย์ และสุขภาพ
นว. ก385พ  
  Barcode: 026774
ห้องสมุดวิทยาเขตสวรรค์ประชารักษ์
►นวนิยาย
บนชั้น
  ขอยืม

BibComment


ยังไม่เคยถูกคอมเมนท์

คอมเมนท์ทรัพยากรรายการนี้
  คอมเมนท์: พิศวาสเกมร้าย กั..


 Copyright 2026. Bcnsprnw @Library